| 000 | 01227cam a2200361 i 4500 | ||
|---|---|---|---|
| 001 | 18521222 | ||
| 003 | OSt | ||
| 005 | 20240321145644.0 | ||
| 008 | 150310s2017 at b 001 0 eng | ||
| 010 | _a 2015935646 | ||
| 020 | _a0357670787 | ||
| 040 |
_aDLC _beng _erda _cDLC _dDLC |
||
| 042 | _apcc | ||
| 050 | 0 | 0 |
_aHV1568 _b.H37 2017 |
| 100 | 1 |
_aHardman, Michael L., _eauthor. |
|
| 245 | 1 | 0 |
_aHuman exceptionality : _bschool, community, and family / _cMichael L. Hardman, M. Winston Egan, Clifford J. Drew. |
| 250 | _a12th ed. | ||
| 264 | 1 |
_aAustralia ; _aUnited States : _bCengage Learning, _c2017 |
|
| 300 | _axxiv, 504 p. | ||
| 336 |
_atext _btxt _2rdacontent |
||
| 337 |
_aunmediated _bn _2rdamedia |
||
| 338 |
_avolume _bnc _2rdacarrier |
||
| 504 | _aIncludes bibliographical references (pages 427-483) and index. | ||
| 650 | 0 | _aPeople with disabilities. | |
| 650 | 0 | _aExceptional children. | |
| 650 | 0 |
_aPeople with disabilities _xServices for. |
|
| 650 | 0 | _aLearning disabilities. | |
| 700 | 1 |
_aEgan, M. Winston., _eauthor. |
|
| 700 | 1 |
_aDrew, Clifford J., _d1943- _eauthor. |
|
| 906 |
_a7 _bcbc _corignew _d2 _eepcn _f20 _gy-gencatlg |
||
| 942 |
_2lcc _cBK |
||
| 999 |
_c20418 _d20417 |
||